Les capitales se terminant par U - Statistiques

Statistiques générales
  • Ce quiz a été pris 1 087 fois
  • Le résultat moyen est 6 sur 10
Statistiques - réponses
Capitales % Correct
Moscou
82%
Chișinău
65%
Bakou
64%
Nassau
56%
Ouagadougou
55%
Katmandou
53%
Maseru
47%
Thimphou
46%
Roseau
44%
Bissau
43%
Aucun quiz correspondant
Distribution des résultats
% des personnes avec chaque résultat
Percentile par nombre de réponses
Votre historique - résultats
Vous n’avez pas pris ce quiz